000
00258nam a22001217a 4500
082
_a
537.5357 CLA'A
100
_a
CLARK, G. L
_9
57054
245
_a
APPLIEDS X-RAYS
250
_a
4TH
260
_a
NEWYORK
_b
MCGRAW HILL
_c
1955
300
_a
843P
942
_c
BK
999
_c
567361
_d
567361